MACRO ECONOMICS (Record no. 11539)

MARC details
000 -LEADER
fixed length control field 00332nam a22001577a 4500
003 - CONTROL NUMBER IDENTIFIER
control field SGT
020 ## - INTERNATIONAL STANDARD BOOK NUMBER
International Standard Book Number 033398191-X
082 ## - DEWEY DECIMAL CLASSIFICATION NUMBER
Classification number 330.0954,MAN
100 ## - MAIN ENTRY--PERSONAL NAME
Personal name MANKIW,G.N.
245 ## - TITLE STATEMENT
Title MACRO ECONOMICS
250 ## - EDITION STATEMENT
Edition statement 4TH
260 ## - PUBLICATION, DISTRIBUTION, ETC. (IMPRINT)
Place of publication, distribution, etc MACHILLAN
Name of publisher, distributor, etc WORTH PUBLISHERS
Year of Publication 1999
300 ## - PAGE DESCRIPTION
No. of Pages 553
650 ## - SUBJECT ADDED ENTRY--TOPICAL TERM
Topical term or geographic name as entry element ECONOMICS
942 ## - ADDED ENTRY ELEMENTS (KOHA)
Source of classification or shelving scheme Dewey Decimal Classification
Koha item type Books
Holdings
Withdrawn status Lost status Source of classification or shelving scheme Damaged status Not for loan Collection code Home library Current library Shelving location Date acquired Vendor Name SGTU Full call number Accession No. (Barcode) Date last seen Bill Date Koha item type
    Dewey Decimal Classification   Not For Loan LAW SGT Science & Social Sciences Library SGT Science & Social Sciences Library Reference Book 24/04/2017 DONATED SGTU 330.0954,MAN FL270 24/04/2017 24/04/2017 Books